00868cam a22002651a 4500001001300000003000400013005001700017008004100034010001700075035002000092040002100112041001100133042001200144050001600156100003200172245007200204260005800276300007600334500002200410500006300432500002400495650002200519650003000541740003100571ne 67000403 DLC20260227111830.0940526s1966 ku acfh f000 0 arar  ane 67000403  a(OCoLC)30497297 aDLCcMUdMUdDLC0 aaraeng apremarc00aHT151b.S471 aShiber, Saba George,d1923-10aĀfāq jadīdah lil-mudun /c[taʼlīf] Sābā Jūrj Shibir. a[al-Kuwayt :bMaṭbaʻat Hukūmat al-Kuwayt,c1966] a222 p., [4] p. of plates :bill. (some col.), facsim., ports. ;c24 cm. aRomanized record. aAdded t.p.: New city horizons for old [by] Saba G. Shiber. aArabic and English. 0aCities and towns. 0aCities and townsxGrowth.0 aNew city horizons for old.